000 01154nam a2200253Ia 4500
999 _c52893
_d52893
001 19923
003 GE_BSU
005 20200511212131.0
008 181216s1946||||ge |||||||||||||| ||geo||
040 _cGE_BSU
041 _ageo
080 _a81'374(038) = 353.1'35 თ-77
100 _aთოფურია, ვ.
_91040
245 _aორთოგრაფიული ლექსიკონი /
_cვ. თოფურია, ი. გიგინეიშვილი ; რედ. ს. ყაუხჩიშვილი.
250 _aმე-2 გამოცემა
264 _aთბილისი :
_bსახელგამის სასწ.-პედაგოგ. სექტორი,
_c1946.
300 _a263 გვ. ;
_c 21 სმ.
490 _aსასკოლო ლექსიკონთა სერია
_v IV
541 _h1ლ.40თ.
653 _aორთოგრაფიული ლექსიკონი
700 _aგიგინეიშვილი, ი.
_eავტორი
_95514
700 _aყაუხჩიშვილი, ს.
_eრედაქტორი
_98037
942 _cBK
_2udc